<?xml version="1.0" encoding="UTF-8"?>
<record
    xmlns:xsi="http://www.w3.org/2001/XMLSchema-instance"
    xsi:schemaLocation="http://www.loc.gov/MARC21/slim http://www.loc.gov/standards/marcxml/schema/MARC21slim.xsd"
    xmlns="http://www.loc.gov/MARC21/slim">

  <leader>00859nam a22002177a 4500</leader>
  <controlfield tag="008">240702b        mp ||||| |||| 00| 0 mon d</controlfield>
  <datafield tag="035" ind1=" " ind2=" ">
    <subfield code="a">1218</subfield>
  </datafield>
  <datafield tag="040" ind1=" " ind2=" ">
    <subfield code="a">SU1322070</subfield>
    <subfield code="b">mon</subfield>
    <subfield code="c">MN-UlNLM</subfield>
    <subfield code="d">MN-UlNLM</subfield>
    <subfield code="e">rda</subfield>
  </datafield>
  <datafield tag="041" ind1=" " ind2=" ">
    <subfield code="a">mon</subfield>
  </datafield>
  <datafield tag="042" ind1=" " ind2=" ">
    <subfield code="a">1304</subfield>
  </datafield>
  <datafield tag="084" ind1=" " ind2=" ">
    <subfield code="2">NNA</subfield>
    <subfield code="a">84</subfield>
    <subfield code="b">&#x427;-205</subfield>
  </datafield>
  <datafield tag="100" ind1=" " ind2=" ">
    <subfield code="a">&#x427;&#x430;&#x43D;&#x434;&#x430;&#x440; &#x41A;.</subfield>
  </datafield>
  <datafield tag="245" ind1=" " ind2="0">
    <subfield code="a">&#x41C;&#x44F;&#x43D;&#x433;&#x430;&#x43D; &#x44D;&#x440;&#x438;&#x439;&#x43D; &#x441;&#x44D;&#x442;&#x433;&#x44D;&#x43B; &#x431;&#x443;&#x43B;&#x430;&#x430;&#x441;&#x430;&#x43D; &#x431;&#x4AF;&#x441;&#x433;&#x4AF;&#x439;</subfield>
  </datafield>
  <datafield tag="264" ind1=" " ind2=" ">
    <subfield code="a">&#x423;&#x43B;&#x430;&#x430;&#x43D;&#x431;&#x430;&#x430;&#x442;&#x430;&#x440;</subfield>
    <subfield code="b">&#x410;&#x434;&#x43C;&#x43E;&#x43D; &#x425;&#x425;&#x41A;</subfield>
    <subfield code="c">2003</subfield>
  </datafield>
  <datafield tag="300" ind1=" " ind2=" ">
    <subfield code="a">107&#x445;.</subfield>
  </datafield>
  <datafield tag="336" ind1=" " ind2=" ">
    <subfield code="2">rdacontent</subfield>
    <subfield code="a">text</subfield>
    <subfield code="b">txt</subfield>
  </datafield>
  <datafield tag="337" ind1=" " ind2=" ">
    <subfield code="2">rdamedia</subfield>
    <subfield code="a">unmediated</subfield>
    <subfield code="b">n</subfield>
  </datafield>
  <datafield tag="338" ind1=" " ind2=" ">
    <subfield code="2">rdacarrier</subfield>
    <subfield code="a">volume</subfield>
    <subfield code="b">nc</subfield>
  </datafield>
  <datafield tag="650" ind1=" " ind2=" ">
    <subfield code="a">"&#x41C;&#x44F;&#x43D;&#x433;&#x430;&#x43D; &#x44D;&#x440;&#x438;&#x439;&#x43D; &#x441;&#x44D;&#x442;&#x433;&#x44D;&#x43B;&#x438;&#x439;&#x433; &#x431;&#x443;&#x43B;&#x430;&#x430;&#x441;&#x430;&#x43D; &#x431;&#x4AF;&#x441;&#x433;&#x4AF;&#x439;" &#x446;&#x443;&#x432;&#x440;&#x430;&#x43B; &#x440;&#x43E;&#x43C;&#x430;&#x43D;&#x443;&#x443;&#x434;&#x44B;&#x433; &#x433;&#x430;&#x440;&#x433;&#x430;&#x436; &#x431;&#x430;&#x439;&#x433;&#x430;&#x430;&#x434;&#x430;&#x430; &#x431;&#x438;&#x434; &#x43D;&#x44D;&#x43D; &#x438;&#x445; &#x431;&#x430;&#x44F;&#x440;&#x442;&#x430;&#x439; &#x431;&#x430;&#x439;&#x43D;&#x430;. &#x423;&#x447;&#x438;&#x440; &#x43D;&#x44C; &#x437;&#x430;&#x43B;&#x443;&#x443; &#x445;&#x430;&#x43B;&#x443;&#x443;&#x43D; &#x43D;&#x430;&#x441;&#x43D;...</subfield>
  </datafield>
  <datafield tag="942" ind1=" " ind2=" ">
    <subfield code="2">NNA</subfield>
    <subfield code="c">BK</subfield>
  </datafield>
  <datafield tag="952" ind1=" " ind2=" ">
    <subfield code="0">0</subfield>
    <subfield code="1">0</subfield>
    <subfield code="4">0</subfield>
    <subfield code="6">84_&#x427;205</subfield>
    <subfield code="7">0</subfield>
    <subfield code="8">SU1323</subfield>
    <subfield code="a">SU1322070</subfield>
    <subfield code="b">SU1322070</subfield>
    <subfield code="c">SU1323</subfield>
    <subfield code="d">2024-07-02</subfield>
    <subfield code="g">2700.00</subfield>
    <subfield code="l">0</subfield>
    <subfield code="o">84  &#x427;-205</subfield>
    <subfield code="p">SU1321218-1-1</subfield>
    <subfield code="r">2024-07-02</subfield>
    <subfield code="t">35670</subfield>
    <subfield code="y">BK</subfield>
  </datafield>
  <datafield tag="952" ind1=" " ind2=" ">
    <subfield code="0">0</subfield>
    <subfield code="1">0</subfield>
    <subfield code="4">0</subfield>
    <subfield code="6">84_&#x427;205</subfield>
    <subfield code="7">0</subfield>
    <subfield code="8">SU1323</subfield>
    <subfield code="a">SU1322070</subfield>
    <subfield code="b">SU1322070</subfield>
    <subfield code="c">SU1323</subfield>
    <subfield code="d">2024-07-02</subfield>
    <subfield code="g">2700.00</subfield>
    <subfield code="l">0</subfield>
    <subfield code="o">84  &#x427;-205</subfield>
    <subfield code="p">SU1321218-1-2</subfield>
    <subfield code="r">2024-07-02</subfield>
    <subfield code="t">35669</subfield>
    <subfield code="y">BK</subfield>
  </datafield>
  <datafield tag="952" ind1=" " ind2=" ">
    <subfield code="0">0</subfield>
    <subfield code="1">0</subfield>
    <subfield code="4">0</subfield>
    <subfield code="6">84_&#x427;205</subfield>
    <subfield code="7">0</subfield>
    <subfield code="8">SU1321</subfield>
    <subfield code="a">SU1322070</subfield>
    <subfield code="b">SU1322070</subfield>
    <subfield code="c">SU1321</subfield>
    <subfield code="d">2024-07-02</subfield>
    <subfield code="g">2700.00</subfield>
    <subfield code="l">0</subfield>
    <subfield code="o">84  &#x427;-205</subfield>
    <subfield code="p">SU1321218-2-1</subfield>
    <subfield code="r">2024-07-02</subfield>
    <subfield code="t">35671</subfield>
    <subfield code="y">BK</subfield>
  </datafield>
  <datafield tag="952" ind1=" " ind2=" ">
    <subfield code="0">0</subfield>
    <subfield code="1">0</subfield>
    <subfield code="4">0</subfield>
    <subfield code="6">84_&#x427;205</subfield>
    <subfield code="7">0</subfield>
    <subfield code="8">SU1321</subfield>
    <subfield code="a">SU1322070</subfield>
    <subfield code="b">SU1322070</subfield>
    <subfield code="c">SU1321</subfield>
    <subfield code="d">2024-07-02</subfield>
    <subfield code="g">2700.00</subfield>
    <subfield code="l">0</subfield>
    <subfield code="o">84  &#x427;-205</subfield>
    <subfield code="p">SU1321218-2-2</subfield>
    <subfield code="r">2024-07-02</subfield>
    <subfield code="t">35672</subfield>
    <subfield code="y">BK</subfield>
  </datafield>
  <datafield tag="999" ind1=" " ind2=" ">
    <subfield code="c">1060150</subfield>
    <subfield code="d">1060207</subfield>
  </datafield>
</record>
